[Event "Malaga op 4th"]
[Site "Malaga"]
[Date "2001.03.01"]
[Round "7"]
[White "Baron Rodriguez, Jesus"]
[Black "Molina, Jorge L"]
[Result "1-0"]
[WhiteElo "2393"]
[BlackElo "2195"]
[PlyCount "73"]
[EventDate "2001.02.23"]
[EventType "swiss"]
[EventRounds "9"]
[EventCountry "ESP"]
[SourceTitle "EXT 2002"]
[Source "ChessBase"]
[SourceDate "2001.11.25"]
[SourceVersion "1"]
[SourceVersionDate "2001.11.25"]
[SourceQuality "1"]

1. e4 c6 2. Nc3 d5 3. Nf3 Bg4 4. h3 Bh5 5. exd5 cxd5 6. g4 Bg6 7. Bb5+ Nc6 8. Ne5 Rc8 9. d4 e6 10. Qe2 Bb4 11. h4 Nge7 12. h5 Be4 13. f3 0-0 14. Nxc6 Nxc6 15. Be3 Qf6 16. fxe4 Nxd4 17. Bxd4 Qxd4 18. Rd1 Bxc3+ 19. bxc3 Qxc3+ 20. Kf1 dxe4 21. Qxe4 Qxc2 22. Qxc2 Rxc2 23. a4 a6 24. Be2 Ra2 25. Kf2 Rxa4 26. Rd7 h6 27. Rxb7 Rc8 28. Rd1 Ra2 29. Ke1 a5 30. Rdd7 Rf8 31. Bc4 Ra4 32. Rbc7 Rb8 33. Kd2 Rf8 34. Bxe6 Rf4 35. Bf5 a4 36. Ra7 Rb4 37. Rxf7 1-0